[Event "Principal 03/04"]
[Site "?"]
[Date "2004.03.20"]
[Round "8"]
[White "Crapon, Laurent"]
[Black "Cortes, Antoine"]
[Result "0-1"]
[WhiteElo "1780"]
[BlackElo "2118"]
[PlyCount "40"]

1. d4 Nf6
2. Nf3 g6 3. c4 Bg7 4. Nc3 O-O 5. Bf4 d6 6. Qd2 c5 7. d5 {
Les Blancs gagnent de l'espace} 7... b5 {
les Noirs jouent dans l'esprit du gambit Benko 7...Na6!? 8.e4 Qb6 9.Be2 +/=}
8. cxb5 $14 8... a6 9. e4 Nbd7 10. bxa6 Qb6 11. Be2 Bxa6 12. O-O Bxe2 13. Qxe2
{Plus faible est 13.Nxe2 Nxe4 14.Qc2 f5 =/+} 13... Rfb8 {
pour le pion, les Noirs ont l'initiative} 14. Rab1 {
14.b3 Qa6 15.Qc2 c4 16.bxc4 +/-} 14... Qa6 15. Qxa6 Rxa6 16. Be3 Rab6 17. b3
Rb4 18. Nd2 Ng4 19. a3 $4 {>= 19.Na4 +/= etait beaucoup mieux} 19... Nxe3 $19
20. Rfc1 {20.fxe3 Bxc3 21.axb4 Bxd2 -+} 20... Rd4 {conserve la piece de plus}
(20... Rd4 21. Nf3 21... Rd3 $19) 0-1

[Event "Principal 03/04"]
[Site "?"]
[Date "2004.02.22"]
[Round "8"]
[White "Ferrero, Patrick"]
[Black "Chauvet, Jean-Marc"]
[Result "0-1"]
[WhiteElo "2014"]
[BlackElo "2020"]
[PlyCount "86"]

1. e4 d5 2. exd5 Nf6 3. c4 {
pas le meilleur 3.d4 Nxd5 4.c4 Nb6 5.Nf3 +/=} 3... c6 $5 4. dxc6 {
4.d4 cxd5 +/= transpose dans l'attaque Panov de la Caro-Kann} 4... Nxc6 5.
Nf3 (5. d3 e5 6. Nc3 Bf5 7. Nf3 Bb4 8. Be2 8... e4 $11 {
et les Noirs ont des compensations plus que suffisantes pour le pion}) 5... Bf5
6. d4 e5 7. d5 {Cette poussee gagne de l'espace mais pas 7.Nxe5? Nxd4 8.Nd3
Qe7+ 9.Be3 Ng4 =/+} 7... Bc5 $2 {>= 7...Nb4!? est la meilleure option des
Noirs 8.Na3 Bc5 9.Be2 Qb6 10.0-0 Ng4 +/= et pour un pion, les Noirs ont une
belle initiative} 8. dxc6 $18 8... Bxf2+ {le moins mauvais} 9. Ke2 Qxd1+ 10.
Kxd1 10... O-O-O+ {#} 11. Nbd2 $6 (11. Ke2 $142 11... Ng4 12. Ng5 (12. h3 $4
12... Bd3+ 13. Kd2 Bxf1+ 14. Kc2 Bxg2 15. hxg4 15... Bxh1 $19) 12... Bb6 13.
cxb7+ Kxb7 14. Nh3 14... Nxh2 $1 15. Ke1 $16) 11... e4 $15 12. cxb7+ Kxb7 13.
Ne5 {13.a4 Rhe8 14.Be2 Ng4 15.Ra3 -/+} 13... Rhe8 14. Nxf7 Rd7 15. Ng5 $2 {
>= 15.Be2 Ng4 16.Bxg4 Bxg4+ 17.Kc2 Rxf7 -/+ recupere la piece avec avantage}
15... e3 $19 16. Ngf3 {16.Be2 exd2 17.Bxd2 Be3 18.Nf3 Ne4 -+} 16... exd2 17.
Bxd2 Be3 18. Be2 18... Red8 {>= 18...Ne4 et les Noirs peuvent se relaxer 19.
Ke1 Nxd2 (19...Rxd2?! 20.Nxd2 Bxd2+ 21.Kf1 Kc7 -/+) 20.Rd1 Bf4 -+ (/\...Rde7)
} 19. Ke1 Bxd2+ 20. Nxd2 Rxd2 21. Rf1 21... Rxe2+ {
21...Bg4 22.Rf2 Kb6 23.Bxg4 Rxf2 24.Kxf2 Nxg4+ 25.Kg3 Nf6 26.b3 Rd3+ -+} 22.
Kxe2 Bd3+ 23. Ke1 {23.Kf3 Bxf1 24.Rxf1 Rd2 -+} 23... Bxf1 24. Kxf1 Rd2 25. b3
Ng4 26. Re1 {26.Kg1 Re2 27.Kf1 Rb2 28.Kg1 Kb6 -+} 26... Nxh2+ {
26...Rxa2?! n'est pas le meilleur 27.h3 Nf6 28.Re7+ Kb6 29.Rxg7 Ne4 -+} 27.
Kg1 Ng4 28. Re7+ Kb6 29. Kf1 {
29.g3 Rxa2 30.Rxg7 h5 31.Rg6+ Kc7 32.Rg7+ Kd6 -+ (/\...Rb2)} 29... Rxa2 30.
Rxg7 h5 31. Rg5 31... Ra5 {
31...Ne3+ est plus facile 32.Kg1 h4 33.Rg6+ Kc5 34.Rg5+ Kd6 35.Kh2 Rb2 -+}
32. Rg7 Kc5 33. Rb7 Kd4 34. Rd7+ Ke3 35. Re7+ Ne5 36. g3 Kf3 37. Ke1 Kxg3 38.
Kd2 h4 39. Kc3 h3 40. Rg7+ Ng4 41. b4 Rh5 42. c5 h2 43. c6 h1=Q 0-1

[Event "Principal 03/04"]
[Site "?"]
[Date "2004.03.20"]
[Round "8"]
[White "Girard, Jean-Pierre"]
[Black "Battaglia, Gerard"]
[Result "1-0"]
[WhiteElo "1976"]
[BlackElo "2040"]
[PlyCount "45"]

1. e4 e6 2. d4 d5 3. Nd2 Nf6 4.
e5 Nfd7 5. c3 c5 6. Bd3 Nc6 7. Ne2 Be7 8. O-O O-O 9. Nf3 Qb6 10. Bb1 Re8 11.
Ng3 f6 12. exf6 Nxf6 13. b3 a5 14. Bg5 cxd4 15. cxd4 Bd7 (15... Ba3 16. Re1 Rf8
(16... Bb2 $2 17. Bxf6 $1 17... Bxa1 18. Bxh7+ $1 18... Kf8 (18... Kxh7 $4 19.
Ng5+ {suivi du mat en 3}) 19. Bg5 Bxd4 20. Nxd4 Nxd4 21. Re5 Bd7 22. Bg6 $18 {
avec une attaque irresistible}) 17. Re2 $11) 16. a3 {
16.Ne5 Qc7 17.Qc2 Kf8 +/=} 16... Rad8 17. h4 {17.Qd3 g6 18.Re1 +/=} 17...
Nb8 {17...h6 18.Bf4 =} 18. Ne5 $14 {Une superbe case!} 18... Bb5 {
>= 18...Rf8!? merite d'etre regarde 19.Nh5 Be8 20.Qd3 g6 21.Re1 +/=} 19. Bxf6
$18 19... Bxf6 {#
pas 19...gxf6?? 20.Qg4+ Kf8 21.Nh5 Bxf1 22.Qg7#} 20. Bxh7+
(20. Qh5 $142 $5 20... g6 21. Bxg6 Re7 22. Bf7+ Kg7 (22... Rxf7 $2 23. Qxf7+
Kh8 24. Qxf6+ Kg8 25. Qf7+ Kh8 26. Nh5 {et le mat est imparable}) 23. Qg4+ Kh8
24. Qf4 Bg7 (24... Nd7 25. Nxd7 Qxd4 26. Qxf6+ Qxf6 27. Nxf6 Rxf7 28. Ng4 Bxf1
29. Rxf1 $18) 25. Nh5 Rf8 26. Nxg7 Rexf7 27. Nxf7+ Kxg7 28. Qd6 $16) 20... Kxh7
$11 21. Qh5+ Kg8 22. Qf7+ 22... Kh7 $4 {
>= 22...Kh8 23.Qh5+ Kg8 24.Qf7+ Kh8 25.Qh5+ Kg8 =} 23. Nh5 (23. Nh5 Nd7 24.
Nxd7 Kh8 25. Nhxf6 gxf6 26. Qxf6+ Kh7 27. Qf7+ Kh8 28. Qh5+ Kg7 29. Qg5+ Kf7
30. Ne5+ Kf8 31. Qf6+ Kg8 32. Qg6+ Kh8 33. Nf7#) 1-0

[Event "Principal 03/04"]
[Site "?"]
[Date "2004.03.27"]
[Round "9"]
[White "Vargin, Benjamin"]
[Black "Pierrugues, Laurent"]
[Result "1-0"]
[WhiteElo "1900"]
[BlackElo "1890"]
[PlyCount "73"]

1. e4 e6 2. d4 d5 3. e5 c5 4. c3
Nc6 5. Nf3 Qb6 6. Be2 cxd4 7. cxd4 Bd7 8. O-O Nge7 9. Na3 9... Nf5 {
La pression en d4 grandit} 10. Nc2 h5 (10... Rc8 11. g4 Nfe7 12. Nh4 Nb4 13.
Nxb4 Qxb4 14. f4 Nc6 15. Be3 Be7 16. Ng2 f6 17. a3 Qxb2 18. Rb1 Qxa3 19. Rxb7
Nd8 20. Rxd7 Kxd7 21. Bb5+ Kc7 22. Qb1 Bb4 23. f5 Kb6 24. Bd7 Rc3 25. Bf2 {
Sveshnikov,E-Ulibin,M/Podolsk 1992/EXT 97/0-1 (44)}) 11. Rb1 Rc8 12. Bg5 Be7
13. h4 {13.Bxe7 Ncxe7 14.Ne3 Nxe3 15.fxe3 Bb5 =} 13... Qd8 {
13...Bxg5 14.hxg5 h4 15.Qd2 =} 14. g3 g6 (14... Bxg5 15. Nxg5 (15. hxg5 $143
15... h4 $17) 15... Qb6 16. Nf3 $11) 15. Ne3 Bxg5 16. Nxf5 ({Pire est} 16. Nxg5
16... Nfxd4 17. f4 17... Qb6 $17) (16. hxg5 $6 16... Nxe3 17. fxe3 17... Ne7
$11) 16... exf5 $14 17. Nxg5 Qb6 18. Nf3 18... Nd8 {
18...f4 19.Qd2 fxg3 20.fxg3 0-0 =} 19. Qd2 $14 19... Ne6 20. Rfc1 20... Bc6 {
20...0-0 21.Bd1 Rfd8 +/=} 21. Rc3 Kf8 22. Rb3 Qd8 23. Rc1 Kg7 24. Ra3 Qb6 25.
Rcc3 25... Qb4 {25...a6 26.Rab3 Qc7 27.Ng5 Rhe8 +/=} 26. Qd1 {
>= 26.Rxa7!? Rhe8 27.Rc2 Qxd2 28.Rxd2 +/-} 26... a6 $14 {
evidemment pas 26...Qxb2?? 27.Rcb3 Qxa3 28.Rxa3 +-} 27. Rcb3 {
27.Qd2 Rc7 +/=} 27... Qe7 $11 28. Qd2 Rc7 29. Qa5 Rhc8 30. Rb6 30... g5 {
30...f4!? =} 31. hxg5 $16 31... Nxg5 {31...f4!? +/-} 32. Qd2 $18 {#} 32...
Bb5 $4 {accelere la fin des Noirs >= 32...f4 +-} 33. Bxb5 (33. Nxg5 $6 33...
Rc1+ 34. Kg2 34... Bxe2 $18) (33. Qxg5+ $6 {est sans comparaison} 33... Qxg5
34. Nxg5 34... Bxe2 $16) 33... Nxf3+ (33... f4 {
il n'y a rien de mieux dans la position} 34. Nh4 Kg8 35. Bd3 $18 {
garde la piece d'avance}) 34. Rxf3 34... axb5 {
sur 34...Rh8 35.Rf6 axb5 36.Qg5+ Kf8 37.e6 +-} 35. Qh6+ Kg8 36. Rxf5 Rc6 37.
Rg5+ (37. Rg5+ Qxg5 (37... Rg6 38. Rbxg6+ fxg6 39. Qxg6+ Kh8 40. Rxh5+ Qh7 41.
Rxh7#) 38. Qxg5+ Kh7 39. Qxh5+ Kg8 40. Rxb7 $18) 1-0

[Event "Principal 03/04"]
[Site "?"]
[Date "2004.03.27"]
[Round "9"]
[White "Chauvet, Jean-Marc"]
[Black "Girard, Jean-Pierre"]
[Result "1-0"]
[WhiteElo "2020"]
[BlackElo "1989"]
[PlyCount "63"]

1. e4 c5 2. Nf3 d6 3. d4 cxd4 4.
Nxd4 Nf6 5. Nc3 a6 6. Bg5 e6 7. f4 Nbd7 8. Bc4 Qc7 (8... b5 9. Bxe6 fxe6 10.
Nxe6 Qb6 11. Nd5 Nxd5 12. Qxd5 Qe3+ 13. Kf1 Nb6 14. Nc7+ Kd7 15. Qf7+ Kc6 16.
Nd5 Qxe4 17. Qc7+ Kxd5 18. Rd1+ Ke6 19. Re1 Qxe1+ 20. Kxe1 h6 21. f5+ Kd5 22.
Qxb6 hxg5 23. Kf2 Rh4 24. Rd1+ Ke5 25. Qc6 Rb8 26. Qe8+ {
1-0 Matulovic,M-Gufeld,E/Skopje 1972/MCD (26)}) 9. Qe2 b5 10. Bb3 Nc5 11. f5 {
11.a3 Be7 =} 11... Be7 12. fxe6 12... fxe6 {mais pas 12...Nxe6?! 13.Be3 +/=
} 13. O-O $11 13... O-O 14. Nf5 {14.a3 Nxb3 15.cxb3 Qa7 16.Be3 =} 14... Nxb3
{14...Bd8 15.Nd4 =/+} 15. Nxe7+ $11 15... Qxe7 16. axb3 Bb7 17. b4 Rae8 18.
Rad1 {(=)} 18... Rc8 19. Qd3 Rcd8 20. Qg3 20... Bc6 {20...e5!? 21.Qh4 Rf7 =}
21. Bxf6 $16 21... Rxf6 22. Rxf6 Qxf6 23. Rxd6 Rf8 24. h3 24... Qf1+ {
>= 24...Bb7 +/-} 25. Kh2 $18 25... Qc4 $4 {
une gaffe terrible 25...Rc8 26.Rxe6 Qf7 27.Qe5 +-} 26. Qe5 {
>= 26.b3 Qxb4 27.Rxc6 +- et les Blancs ont une piece d'avance} 26... Be8 27.
Qxe6+ Qxe6 28. Rxe6 Bg6 29. Kg3 29... Rf1 {29...Ra8 30.Kf4 +-} 30. Rxa6 Rc1
31. Nxb5 31... Bxe4 {31...Rxc2 ne gagne pas un prix 32.Nd6 Kf8 33.Ra7 Rxb2 34.
b5 Bxe4 35.Nxe4 Rxb5 36.Kf4 +- avec une piece de plus} 32. Nd6 (32. Nd6 Bd5
33. c4 Rxc4 34. Nxc4 Bxc4 35. Ra5 $18) 1-0

[Event "Principal 03/04"]
[Site "?"]
[Date "2004.03.27"]
[Round "9"]
[White "Cortes, Antoine"]
[Black "Ferrero, Patrick"]
[Result "1-0"]
[WhiteElo "2118"]
[BlackElo "2014"]
[PlyCount "83"]

1. e4 c5 2. Nf3 e6 3. d3 Nc6 4. g3 d5 5. Nbd2 Nf6
6. Bg2 Be7 7. O-O O-O 8. Re1 8... d4 {Fritz a dans son grand livre : 8...b5 9.
e5 Nd7 10.Nf1 a4 11.h4 b4 12.Bf4 Ba6 13.N1h2 a4 =/+} 9. h3 (9. Nf1 e5 10. h3
Be6 11. g4 Qd7 12. Ng3 b5 13. Ng5 c4 14. f4 h6 15. f5 Bxf5 16. Nxf5 hxg5 17.
Bxg5 Nh7 18. Bc1 Bg5 19. Rf1 Ne7 20. c3 Rad8 21. dxc4 bxc4 22. Bxg5 Nxg5 23.
cxd4 23... exd4 {Koskela,N-Hansen,R/Roskilde 1998/EXT 99/1-0 (80)}) 9... e5 10.
a4 Bd7 11. Nf1 Ne8 12. g4 Nc7 13. Ng3 Ne6 14. Nf5 Qc7 15. h4 Nf4 16. Bxf4 exf4
17. Qd2 Bxf5 18. exf5 Bd6 19. Ng5 Ne5 20. Qe2 Rfe8 21. Be4 {21.Ne4 c4 =/+}
21... h6 {21...Qd8 22.Bg2 Rc8 23.Ne4 c4 -/+} 22. Nh3 $15 22... Be7 {
22...f3!? 23.Bxf3 c4 =/+} 23. g5 $14 23... a5 {
23...hxg5 24.hxg5 c4 25.Nxf4 Bxg5 26.Nd5 +/-} 24. gxh6 24... Ra6 {
24...f3 25.Bxf3 Bxh4 26.Bg2 gxh6 27.Qh5 Bf6 28.f4 Nd7 29.Bd5 Nf8 +/-} 25.
hxg7 $16 25... Rh6 {25...f3 26.Bxf3 Bxh4 27.Nf4 +/-} 26. Nxf4 {
26.h5 Kxg7 17.Nxf4 Bd6 +/-} 26... Bxh4 27. Nd5 27... Qc8 {
#
27...Qd8 28.Bg2 Kxg7 29.c3 +/=} 28. f4 (28. f6 Bxf6 29. f4 Bh4 30. fxe5
Rxe5 31. Qg2 Qd7 32. Kf1 Rg5 33. Qf3 Rxd5 34. Ke2 Bxe1 35. Bxd5 Rh3 36. Qxf7+
Qxf7 37. Bxf7+ Kxf7 38. Rxe1 Kxg7 39. Kd2 $11) 28... Bxe1 $2 (28... Ng4 $142 $1
{est la meilleure option des Noirs} 29. Kf1 (29. Qxg4 29... Rg6 $1 30. Qxg6
30... fxg6 $17) 29... Bxe1 30. Qxg4 Bh4 31. Ke2 (31. b3 31... Qd8 $15 {
suivi de ...Bf6}) 31... Bd8 $11) 29. Rxe1 $18 {bien sur pas 29.Qxe1?? Nf3+ 30.
Bxf3 Rxe1+ 31.Rxe1 Kxg7 -+ ; ni 29.fxe5? Bh4 30.Rf1 Rxe5 =} 29... Nc6 30. Nf6+
$2 (30. Qg2 Qd8 31. Qg5 Qxg5+ 32. fxg5 Rd6 33. Nf6+ Rxf6 34. gxf6 34... Ne5 $16
) 30... Kxg7 $2 (30... Rxf6 31. Qh5 Kxg7 32. Qg5+ Rg6 33. fxg6 33... f6 $16 34.
Qh5 Rh8 35. Qf5 ({ou} 35. Qf3 35... Rh4 36. Bxc6 bxc6 37. Re7+ Kg8 38. f5 Qb8
39. Qf2 39... Rh5 $14) 35... Qxf5 36. Bxf5 Rh4 37. Re4 $16) 31. Nxe8+ {
les Blancs ont maintenant une attaque sur le roi noir} 31... Qxe8 32. Qg4+ Kh8
33. Qg5 Qg8 34. Re2 34... Rh5 {
34...Qg7 35.Rg2 Qxg5 36.fxg5 (36.Rxg5?! b6 +/=) 36...Rd6 +-} 35. Rh2 {
>= 35.Qxg8+!? Kxg8 36.Bxc6 bxc6 37.Re5 +-} 35... Rxh2 36. Kxh2 Qxg5 37. fxg5
37... Nd8 $2 {>= 37...Nb4 38.c3 dxc3 39.bxc3 Na2 +-} 38. Kg3 Kg7 39. Kf4 Kf8
40. Ke5 Ke7 41. Bd5 b6 42. b3 (42. b3 f6+ 43. gxf6+ Kd7 44. f7 Ke7 45. f6+ Kf8
46. Kd6 $18) 1-0

[Event "Principal 03/04"]
[Site "?"]
[Date "2004.03.27"]
[Round "9"]
[White "Zejneli, Skender"]
[Black "Crapon, Laurent"]
[Result "1-0"]
[WhiteElo "2100"]
[BlackElo "1780"]
[PlyCount "41"]

1. e4 e5 2. Nf3 Nc6 3. Bb5 a6 4. Ba4 Nf6
5. O-O b5 6. Bb3 6... Bb4 $2 {l'erreur est humaine, mais perseverer est
diabolique ! Ce coup est definitivement mauvais et avait deja valu une defaite
aux Noirs lors de la ronde 3. On joue normalement 6...Bb7 ou 6...Bc5 avec un
jeu dynamique des Noirs.} 7. c3 {le plan des Blancs se joue avec gain de temps}
7... Ba5 {le fou se rend a sa derniere demeure pour toute la partie} 8. d4 Qe7
9. Bg5 9... d6 {9...h6 10.Bh4 Bb7 11.Re1 0-0 +/=} 10. Bd5 $16 10... Bb7 11.
dxe5 dxe5 12. c4 {12.Nh4 (/\ Nf5) Qf8 13.Bxf6 gxf6 14.b4! Bb6 15.a4! +-}
12... Nd8 13. cxb5 axb5 14. Bxb7 Nxb7 15. Bxf6 15... gxf6 {il vaut encore
mieux perdre un pion 15...Qxf6!? 16.Qd5 c6 17.Qxe5+ Qxe5 18.Nxe5 Ra6 19.Na3 +/
-} 16. Qd5 $18 16... c5 {16...Rb8 17.Qc6+ Kf8 18.Qxb5 +-} 17. Qc6+ Kf8 18.
Qxb5 {18.Nh4 Rb8 19.Nf5 Qe6 20.Qxb5 Rg8 +-} 18... Rg8 19. Nh4 {
ou 19.Rd1 Nd6 20.Qc6 Rd8 21.Na3 +-} 19... Rd8 {19...Qc7 20.Nf5 +-} 20. Nf5
Qc7 21. Na3 (21. Na3 Qb6 22. Qxb6 Bxb6 23. Nc4 Bc7 (23... Ba5 24. Rfc1 24...
Bc7 $18) 24. Rfd1 $18 {et les Blancs dominent tout l'echiquier}) 1-0